| 000 | 00590nam a22001697a 4500 | ||
|---|---|---|---|
| 999 |
_c16322 _d16322 |
||
| 008 | 170307b xxu||||| |||| 00| 0 eng d | ||
| 020 | _a1579997670 | ||
| 040 |
_aKABU _cKABU |
||
| 050 |
_aML385 _b.R43 2001 C.1 |
||
| 245 |
_aReadings in African American church music and worship _ccomplied and edited by James Abbington |
||
| 260 |
_aUnited States of America _bGIA _c2001 |
||
| 300 | _axxi,602 p. | ||
| 650 | _aAfrican American Church Musicians | ||
| 650 | _aAfrican American Church Music | ||
| 700 | _aAbbington, James | ||
| 942 |
_2lcc _cBK _hML385 .R43 2001 C.1 |
||